zpět

Detail výsledku týmu

Hudební kvíz Olomouc, Olomouc

Datum a čas kvízu

24 Celkem bodů Celkový počet nahraných bodů na tomto kvízu bez doplňovacích otázek.
14. Pořadí na kvízu Konečné umístění týmu na tomto kvízu.

Zaznamenané odpovědi

# Otázka Odpověď Body Výsledky
1. Jak jinak začít tento speciál,... 1
2. Dle monologu vypravěčky na zač... 0
3. U zrodu Prstenů moci stáli elf... 0
4. Jeden prsten vládne všem, Jede... 1
5. Kdo byl v době, kterou popisuj... 0
6. Ve filmovém zpracování se již... 0
7. Kolikáté narozeniny slavil Bil... 0
8. Na velkolepé oslavě svých naro... 1
9. Kolik Nazgûlů zaútočilo na Fro... 0
10. Seřaďte členy Společenstva od... 0